[Event "CZE-ch Amateurs"]
[Site "Hluk"]
[Date "2025.05.11"]
[Round "9"]
[White "Ocelak, Jakub"]
[Black "Davidek, Zdenek"]
[Result "1-0"]
[WhiteElo "2232"]
[BlackElo "2158"]
[PlyCount "41"]
[EventDate "2025.05.06"]
[EventType "swiss"]
[EventRounds "9"]
[EventCountry "CZE"]
[SourceTitle "CB20_2025"]
[SourceDate "2025.05.14"]
[SourceVersion "1"]
[SourceVersionDate "2025.05.14"]
[SourceQuality "1"]

1. d4 d5 2. c4 c6 3. Nf3 Nf6 4. Nc3 e6 5. Bg5 h6 6. Bf4 dxc4 7. e4 b5 8. Qc2 Bb7 9. Rd1 Nbd7 10. Be2 Be7 11. h3 0-0 12. g4 Re8 13. Rg1 Nf8 14. g5 hxg5 15. Nxg5 Qb6 16. e5 N6h7 17. Nce4 Rad8 18. Nxh7 Nxh7 19. Bh6 g6 20. Nf6+ Bxf6 21. exf6 1-0

[Event "CZE-ch Amateurs Blitz"]
[Site "Hluk"]
[Date "2025.05.09"]
[Round "12"]
[White "Davidek, Zdenek"]
[Black "Janco, Darius"]
[Result "1-0"]
[WhiteElo "2063"]
[BlackElo "1927"]
[PlyCount "57"]
[EventDate "2025.05.09"]
[EventType "swiss (blitz)"]
[EventRounds "13"]
[EventCountry "CZE"]
[SourceTitle "CB20_2025"]
[SourceDate "2025.05.14"]
[SourceVersion "1"]
[SourceVersionDate "2025.05.14"]
[SourceQuality "1"]

1. Nf3 Nf6 2. g3 d5 3. Bg2 c5 4. 0-0 Nc6 5. d4 e6 6. c4 dxc4 7. dxc5 Qxd1 8. Rxd1 Bxc5 9. Nbd2 Na5 10. Ne5 0-0 11. Ndxc4 Nxc4 12. Nxc4 Re8 13. Bf4 Ng4 14. Rf1 e5 15. Bd2 Rb8 16. h3 Nf6 17. Bc3 e4 18. Bxf6 gxf6 19. e3 b5 20. Na5 Bb6 21. Nc6 Rb7 22. Rfd1 Rc7 23. Nd4 a6 24. a4 b4 25. a5 Ba7 26. Ra4 Bxd4 27. Rxd4 b3 28. Rac4 Rxc4 29. Rxc4 1-0

[Event "CZE-ch Amateurs Blitz"]
[Site "Hluk"]
[Date "2025.05.09"]
[Round "5"]
[White "Martirosyan, David"]
[Black "Davidek, Zdenek"]
[Result "0-1"]
[WhiteElo "1853"]
[BlackElo "2063"]
[PlyCount "42"]
[EventDate "2025.05.09"]
[EventType "swiss (blitz)"]
[EventRounds "13"]
[EventCountry "CZE"]
[SourceTitle "CB20_2025"]
[SourceDate "2025.05.14"]
[SourceVersion "1"]
[SourceVersionDate "2025.05.14"]
[SourceQuality "1"]

1. d4 Nf6 2. c4 e6 3. Nc3 Bb4 4. e3 0-0 5. Nge2 d5 6. a3 Bd6 7. c5 Be7 8. Ng3 b6 9. b4 a5 10. Bd2 c6 11. Bd3 Ba6 12. Qe2 Bxd3 13. Qxd3 axb4 14. Nb1 bxc5 15. dxc5 Bxc5 16. 0-0 Qe7 17. Rc1 Nbd7 18. e4 Ng4 19. Qf3 Nde5 20. Qe2 Bxf2+ 21. Kh1 Qh4 0-1

[Event "Prague U20 rapid"]
[Site "Prague"]
[Date "2024.12.28"]
[Round "1"]
[White "Davidek, Zdenek"]
[Black "Svacina, Tobias"]
[Result "1/2-1/2"]
[WhiteElo "2079"]
[BlackElo "1899"]
[PlyCount "44"]
[EventDate "2024.12.28"]
[EventType "tourn"]
[EventRounds "11"]
[EventCountry "CZE"]
[SourceTitle "CB02_2025"]
[SourceDate "2025.01.08"]
[SourceVersion "1"]
[SourceVersionDate "2025.01.08"]
[SourceQuality "1"]

1. d4 d5 2. Nf3 Nf6 3. c4 e6 4. Nc3 Nbd7 5. Bf4 Bb4 6. Qc2 c5 7. dxc5 Qa5 8. Bd2 dxc4 9. a3 Bxc5 10. e3 b5 11. b3 b4 12. Na2 cxb3 13. Qxb3 Qxa3 14. Qb1 Rb8 15. Nc1 0-0 16. Rxa3 bxa3 17. Qc2 Rb2 18. Qa4 Nb6 19. Qa5 Ne4 20. Nd3 Rb1+ 21. Ke2 Nxd2 22. Nxd2 Rb2 1/2-1/2

[Event "Prague Summer op"]
[Site "Prague"]
[Date "2024.08.08"]
[Round "8"]
[White "Kotal, Vaclav"]
[Black "Davidek, Zdenek"]
[Result "1-0"]
[WhiteElo "2151"]
[BlackElo "1964"]
[PlyCount "75"]
[EventDate "2024.08.02"]
[EventType "swiss"]
[EventRounds "9"]
[EventCountry "CZE"]
[SourceTitle "CBM 221 Extra"]
[Source "ChessBase"]
[SourceDate "2024.09.30"]
[SourceVersion "1"]
[SourceVersionDate "2024.09.30"]
[SourceQuality "1"]

1. d4 Nf6 2. c4 e6 3. Nc3 Bb4 4. g3 0-0 5. Bg2 d5 6. Nf3 dxc4 7. 0-0 Nc6 8. a3 Be7 9. e4 a6 10. Bf4 b5 11. Re1 Bb7 12. Rc1 Na5 13. Rc2 Re8 14. Ne5 Nb3 15. d5 Bd6 16. Rce2 g5 17. Nxf7 Kxf7 18. e5 Nxd5 19. Nxd5 gxf4 20. exd6 Qxd6 21. Qb1 Bxd5 22. Qxh7+ Kf6 23. Qh4+ Kf7 24. Bxd5 Qxd5 25. Re5 Qd2 26. Qh5+ Kf8 27. R1e4 fxg3 28. Qf3+ Ke7 29. Rxe6+ Kd7 30. Qf7+ Kc8 31. Rxe8+ Kb7 32. hxg3 Rxe8 33. Rxe8 Qxb2 34. Qd5+ Kb6 35. Re6+ Ka5 36. Qb7 Ka4 37. Rxa6+ Na5 38. Rxa5+ 1-0

[Event "Prague Summer op"]
[Site "Prague"]
[Date "2024.08.04"]
[Round "3"]
[White "Davidek, Zdenek"]
[Black "Pahud, Cedric"]
[Result "0-1"]
[WhiteElo "1964"]
[BlackElo "2152"]
[PlyCount "96"]
[EventDate "2024.08.02"]
[EventType "swiss"]
[EventRounds "9"]
[EventCountry "CZE"]
[SourceTitle "CBM 221 Extra"]
[Source "ChessBase"]
[SourceDate "2024.09.30"]
[SourceVersion "1"]
[SourceVersionDate "2024.09.30"]
[SourceQuality "1"]

1. d4 Nf6 2. Nf3 c5 3. d5 b5 4. Bg5 d6 5. c4 a6 6. Qc2 Nbd7 7. e4 Rb8 8. Nbd2 g6 9. Be2 Bg7 10. h3 0-0 11. 0-0 Re8 12. Rfe1 e5 13. dxe6 Rxe6 14. cxb5 axb5 15. a4 bxa4 16. Bc4 Re7 17. Bf4 Ne8 18. Bg5 Nef6 19. Bf4 Ne8 20. Bg5 Rxb2 21. Bxe7 Qxe7 22. Qd3 Rb4 23. Ra2 Nb6 24. Rc2 Nc7 25. Ba2 Nb5 26. Nc4 Nd4 27. Nxd4 Bxd4 28. Nxb6 Rxb6 29. Bd5 Be6 30. Rce2 Qf6 31. Kh1 Kg7 32. Rf1 Bxd5 33. exd5 Rb3 34. Qc4 Rc3 35. Qxa4 Rxh3+ 36. gxh3 Qf3+ 37. Kh2 Qxe2 38. Qd1 Qe5+ 39. Kg2 Qxd5+ 40. Qf3 Qe6 41. Rb1 Bf6 42. Rb6 Be5 43. Rc6 h5 44. Qe4 Qf6 45. Rc8 Qg5+ 46. Kf1 Qf4 47. Qa8 Bd4 48. Rg8+ Kh7 0-1

[Event "Pardubice Czech op-E 35th"]
[Site "Pardubice"]
[Date "2024.07.12"]
[Round "3.4"]
[White "Sembera, Milan"]
[Black "Davidek, Zdenek"]
[Result "1-0"]
[WhiteElo "1866"]
[BlackElo "2009"]
[PlyCount "107"]
[EventDate "2024.07.11"]
[EventType "team-swiss"]
[EventRounds "7"]
[EventCountry "CZE"]
[SourceTitle "CBM 221 Extra"]
[Source "ChessBase"]
[SourceDate "2024.09.30"]
[SourceVersion "1"]
[SourceVersionDate "2024.09.30"]
[SourceQuality "1"]
[WhiteTeam "Ricany Uz na to nemame"]
[BlackTeam "JST"]
[WhiteTeamCountry "CZE"]
[BlackTeamCountry "CZE"]

1. d4 Nf6 2. Bf4 d5 3. e3 c5 4. Nf3 Nc6 5. c3 Qb6 6. Na3 a6 7. Qb3 Qa5 8. dxc5 Qxc5 9. Be2 e6 10. 0-0 b5 11. Rac1 Bd6 12. Bxd6 Qxd6 13. Rfd1 Qe7 14. Nd4 Bd7 15. Nxc6 Bxc6 16. Bf3 0-0 17. Nc2 Rfc8 18. Qb4 Qc7 19. Qh4 Rab8 20. g4 Be8 21. g5 Nd7 22. e4 Ne5 23. Bg2 Ng6 24. Qg3 Nf4 25. Qg4 dxe4 26. Bxe4 f5 27. gxf6 Bh5 28. Qh4 gxf6 29. Kh1 Bxd1 30. Rxd1 f5 31. Bf3 Ng6 32. Rg1 Qg7 33. Qg3 Kh8 34. Nd4 Rb6 35. Bh5 Rg8 36. Qe3 Qe5 37. Rxg6 Qxe3 38. Rxg8+ Kxg8 39. fxe3 Kg7 40. Kg2 Kf6 41. Kf2 e5 42. Nb3 Rd6 43. Be2 Ke7 44. h4 Rh6 45. h5 Rd6 46. Ke1 Kf6 47. Nc5 Rc6 48. b4 f4 49. exf4 exf4 50. Kf2 Ke5 51. Kf3 Kf5 52. Bd3+ Kg5 53. Bxh7 Rh6 54. Bg6 1-0